000 00729nam a2200289Ia 4500
005 20260324150707.0
008 008 260324s9999 xx 000 0 eng d
020 _a9781315305196
037 _aEBOOK
040 _aCRL
040 _beng
040 _cCRL
041 _2eng
041 _aeng
084 _qCRL
100 _aMerran Mcculloch
_91227244
245 4 _aThe Southern Lunda and Related Peoples (Northern Rhodesia, Belgian Congo, Angola)
245 0 _bWest Central Africa Part I
260 _bTaylor and Francis
260 _c1951
365 _a
365 _b180
856 _uhttp://www.taylorfrancis.com/books/9781315305196
942 _cEBOOK
999 _c1837207
_d1837207